000 00633nam a22002057a 4500
005 20240201134405.0
008 240201b |||||||| |||| 00| 0 eng d
020 _a9789390619191
041 _aeng
082 _223
_a610.73
_bPAN
110 _aPandey, Sushma
_9205635
245 _aPrinciples & Procedures of Nursing Foundations Vol.- 2
_bcovers theory part as per the revised INC syllabus
250 _a2
260 _aNew Delhi
_bCBS Publishers & Distributors Pvt. Ltd.
_c2022
300 _aXXXII;571P.
365 _aRs.
_b695.00
_crs.
650 _aNursing Foundation
700 _aMuzammil,Mohd, Atif
_9205636
942 _cDB
999 _c356996
_d356996